Das Fußballjahr 2025 - Statistiken

Allgemein
  • Dieses Quiz wurde 129 mal gespielt
  • Das Durchschnittsergebnis liegt bei 18 aus 23
Antwortstatistiken
Kategorie Ereignis Antwort % Korrekt
Bundesliga Meister FC Bayern München
99%
Bundesliga Toptorjäger Harry Kane
99%
Transfers Für 125 Mio. von Bayer Leverkusen zum FC Liverpool Florian Wirtz
91%
2. Bundesliga Mitaufsteiger Hamburger SV
91%
DFB-Pokal Sieger VfB Stuttgart
91%
Bundesliga Absteiger (Nennen Sie einen) SV Holstein Kiel | VfL Bochum
90%
Internationaler Fußball Deutscher Trainer, der in Spanien alle nationalen Titel gewinnt Hansi Flick
88%
Transfers Am Deadline-Day für 75 Mio. vom VfB Stuttgart zu Newcastle United Nick Woltemade
88%
2. Bundesliga Meister 1. FC Köln
87%
Internationaler Fußball Sieger bei der FIFA Klub WM FC Chelsea
86%
Internationaler Fußball Champions League Sieger Paris Saint-Germain
86%
Transfers Für 70 Mio. vom FC Liverpool zum FC Bayern München Luis Díaz
83%
DFB-Pokal Drittligist, der sensationell das Finale erreicht Arminia Bielefeld
82%
Internationaler Fußball Weltfußballer Ousmane Dembélé
81%
Nationalmannschaft Deutscher, der Nationaltrainer von England wurde Thomas Tuchel
78%
Frauen Deutscher Meister und Pokalsieger FC Bayern München
77%
Nationalmannschaft Gruppengegner der deutschen Nationalmannschaft bei der WM 2026 (Nennen Sie einen) Ecuador | Elfenbeinküste | Curacao
72%
Sonstiges Rekordspieler des FC Bayern München, der im Sommer nach Kanada wechselt Thomas Müller
72%
Sonstiges Portugiesischer Fußballer, der im Juli bei einem Autounfall ums Leben kommt Diogo Jota
70%
Nationalmannschaft Sieger Nations League Portugal
69%
Frauen Land, das die Frauen-EM 2029 ausrichten wird Deutschland
63%
Frauen Nation, die Europameister wurde England
61%
Frauen Land, in dem die Europameisterschaft stattgefunden hat Schweiz
43%
Keine übereinstimmenden Quizze gefunden
Verteilung der Resultate
Anzahl Personen mit jedem Resultat
Perzentil nach korrekt beantworteten Fragen
Ihre Resultats-Entwicklung
Sie haben dieses Quiz noch nicht gespielt